[Event "Turnov rapid op 18th"]
[Site "Turnov"]
[Date "2024.09.14"]
[Round "3"]
[White "Blaha, Milan"]
[Black "Zahorbensky, Jaroslav"]
[Result "0-1"]
[WhiteElo "1909"]
[BlackElo "2073"]
[PlyCount "123"]
[EventDate "2024.09.14"]
[EventType "swiss (rapid)"]
[EventRounds "9"]
[EventCountry "CZE"]
[SourceTitle "EXT 2025"]
[Source "ChessBase"]
[SourceDate "2024.10.14"]
[SourceVersion "1"]
[SourceVersionDate "2024.10.14"]
[SourceQuality "1"]

1. d4 d5 2. Nf3 Nf6 3. c4 c6 4. Nc3 h6 5. g3 Bf5 6. Bg2 e6 7. 0-0 Nbd7 8. b3 Ne4 9. Nxe4 Bxe4 10. Ne1 Bxg2 11. Kxg2 Bd6 12. Bb2 0-0 13. Nd3 f5 14. cxd5 exd5 15. e3 Qe7 16. Rc1 Rae8 17. Re1 g5 18. f4 Qe4+ 19. Kg1 g4 20. Ne5 Nf6 21. Qc2 Qxc2 22. Rxc2 Bxe5 23. dxe5 Ne4 24. Bd4 a6 25. b4 Kf7 26. a4 Ke6 27. Rec1 Kd7 28. a5 h5 29. Kg2 Re6 30. h4 gxh3+ 31. Kxh3 Rg8 32. Rg1 Rg4 33. Bc3 Reg6 34. Be1 h4 35. Rcg2 hxg3 36. Rxg3 Nxg3 37. Bxg3 Rh6+ 38. Kg2 Ke6 39. Kf3 Rh3 40. Kf2 Rg8 41. Kf3 Rh7 42. Rc1 Rh3 43. Rg1 d4 44. exd4 Kd5 45. Kf2 Kxd4 46. Rd1+ Kc4 47. e6 Re8 48. Kg2 Rh7 49. Re1 Rhe7 50. Bf2 Rxe6 51. Rc1+ Kb5 52. Bc5 Re4 53. Kf3 Rd8 54. Rh1 Rd3+ 55. Kf2 Rxf4+ 56. Ke2 Rb3 57. Kd2 Rg4 58. Kc2 Rf3 59. Rd1 Rg2+ 60. Kc1 Ra3 61. Kb1 Rga2 62. Re1 0-1

[Event "CZE-ch Amateur"]
[Site "Hluk"]
[Date "2023.05.09"]
[Round "5"]
[White "Zahorbensky, Jaroslav"]
[Black "Mudrak, Josef"]
[Result "0-1"]
[WhiteElo "2046"]
[BlackElo "2260"]
[PlyCount "102"]
[EventDate "2023.05.06"]
[EventType "swiss"]
[EventRounds "9"]
[EventCountry "CZE"]
[SourceTitle "CBM 214 Extra"]
[Source "ChessBase"]
[SourceDate "2023.07.31"]
[SourceVersion "1"]
[SourceVersionDate "2023.07.31"]
[SourceQuality "1"]

1. e4 d6 2. d4 Nf6 3. Nc3 c6 4. Nf3 Qc7 5. Bf4 Nbd7 6. e5 dxe5 7. Nxe5 Nxe5 8. Bxe5 Qb6 9. Na4 Qa5+ 10. c3 Nd7 11. b4 Qd5 12. c4 Qe4+ 13. Qe2 Qxe2+ 14. Bxe2 f6 15. Bc7 e5 16. c5 b5 17. Nb2 a5 18. Bxa5 exd4 19. Bc7 Ra7 20. Bg3 Ne5 21. 0-0 Be6 22. Rfd1 Be7 23. a4 bxa4 24. Rxa4 Rxa4 25. Nxa4 d3 26. Bh5+ g6 27. Bxe5 gxh5 28. Bc3 Bb3 29. Ra1 Kf7 30. Nb2 Rd8 31. Kf1 f5 32. Ke1 Bg5 33. g3 f4 34. Ra7+ Ke6 35. h4 fxg3 36. fxg3 d2+ 37. Kf2 Bf6 38. Bxf6 Kxf6 39. Ra6 d1Q 40. Nxd1 Bxd1 41. Rxc6+ Ke5 42. b5 Rf8+ 43. Ke1 Bf3 44. Rc7 Rb8 45. b6 Rb7 46. Rc8 Bg4 47. Rd8 Bf3 48. Kf2 Bd5 49. Ke2 Bc6 50. Rd6 Rxb6 51. Rh6 Bb5+ 0-1

[Event "CZE-chT2C 2223"]
[Site "Czech Republic"]
[Date "2023.03.26"]
[Round "11.5"]
[White "Crha, Josef"]
[Black "Zahorbensky, Jaroslav"]
[Result "1-0"]
[WhiteElo "1990"]
[BlackElo "2077"]
[PlyCount "89"]
[EventDate "2022.10.16"]
[EventType "team-tourn"]
[EventRounds "11"]
[EventCountry "CZE"]
[SourceTitle "EXT 2024"]
[Source "ChessBase"]
[SourceDate "2023.10.10"]
[SourceVersion "1"]
[SourceVersionDate "2023.10.10"]
[SourceQuality "1"]
[WhiteTeam "Mlada Boleslav"]
[BlackTeam "Bakov nad Jizerou"]
[WhiteTeamCountry "CZE"]
[BlackTeamCountry "CZE"]

1. d4 d5 2. c4 Nc6 3. cxd5 Qxd5 4. Nf3 e5 5. Nc3 Bb4 6. Bd2 Bxc3 7. Bxc3 e4 8. Ne5 Nge7 9. e3 Nxe5 10. dxe5 Qxd1+ 11. Rxd1 Be6 12. a3 0-0 13. Rd4 Bf5 14. Bb5 Rfd8 15. Ke2 Bg4+ 16. f3 exf3+ 17. gxf3 Be6 18. Rhd1 Rd5 19. e4 Rxd4 20. Rxd4 c6 21. Ba4 Ng6 22. Rd6 Nf4+ 23. Ke3 g5 24. b4 a6 25. Bd1 Rc8 26. Kd4 b6 27. Bd2 Kf8 28. h4 h6 29. Bxf4 gxf4 30. Be2 c5+ 31. bxc5 bxc5+ 32. Kc3 c4 33. Rxa6 Rc5 34. Rb6 Rxe5 35. Bxc4 Rc5 36. Rb4 Rh5 37. Kd4 Rxh4 38. Bxe6 fxe6 39. Ke5 Rh5+ 40. Kf6 Kg8 41. e5 Rh3 42. Rxf4 h5 43. Kxe6 h4 44. Kf6 Rh1 45. e6 1-0

[Event "CZE-chT2C 2223"]
[Site "Czech Republic"]
[Date "2023.02.19"]
[Round "9.6"]
[White "Soucek, Milan"]
[Black "Zahorbensky, Jaroslav"]
[Result "0-1"]
[WhiteElo "1958"]
[BlackElo "2077"]
[PlyCount "98"]
[EventDate "2022.10.16"]
[EventType "team-tourn"]
[EventRounds "11"]
[EventCountry "CZE"]
[SourceTitle "EXT 2024"]
[Source "ChessBase"]
[SourceDate "2023.10.10"]
[SourceVersion "1"]
[SourceVersionDate "2023.10.10"]
[SourceQuality "1"]
[WhiteTeam "Kolin"]
[BlackTeam "Bakov nad Jizerou"]
[WhiteTeamCountry "CZE"]
[BlackTeamCountry "CZE"]

1. e4 g6 2. d4 c6 3. Nc3 d5 4. e5 h5 5. Nf3 Bg4 6. h3 Bxf3 7. Qxf3 e6 8. Be3 Nd7 9. Bd3 c5 10. 0-0 Nh6 11. b3 Nf5 12. Bxf5 gxf5 13. Rfe1 Qa5 14. Ne2 cxd4 15. Bxd4 0-0-0 16. c4 dxc4 17. bxc4 Bc5 18. Reb1 Qc7 19. Bc3 Qc6 20. Qxc6+ bxc6 21. Rb3 Bb6 22. Rb2 Nc5 23. Bd4 Nd3 24. Bxb6 Nxb2 25. Bxd8 Rxd8 26. Nf4 h4 27. Rc1 Rd4 28. Ne2 Re4 29. Rc2 Nd3 30. f3 Rxe5 31. Nd4 Kc7 32. Rd2 Nf4 33. Kf2 Nh5 34. Ne2 f4 35. Rd4 Rf5 36. Rd2 Rc5 37. Rd4 e5 38. Rd2 Rxc4 39. Rb2 f5 40. Rb3 Rc2 41. Ke1 Rxa2 42. Nc1 Rxg2 43. Ra3 e4 44. Rxa7+ Kb6 45. Rh7 Ng3 46. Rxh4 Rg1+ 47. Kd2 e3+ 48. Kc2 e2 49. Nd3 Rd1 0-1

[Event "Mid Bohemia Region-chT 2223"]
[Site "Czech Republic"]
[Date "2023.02.12"]
[Round "8.2"]
[White "Koubova, Anna Marie"]
[Black "Zahorbensky, Jaroslav"]
[Result "1-0"]
[WhiteElo "1999"]
[BlackElo "2072"]
[PlyCount "85"]
[EventDate "2022.10.09"]
[EventType "team-tourn"]
[EventRounds "11"]
[EventCountry "CZE"]
[SourceTitle "EXT 2024"]
[Source "ChessBase"]
[SourceDate "2023.10.10"]
[SourceVersion "1"]
[SourceVersionDate "2023.10.10"]
[SourceQuality "1"]
[WhiteTeam "Lysa nad Labem Joly IV"]
[BlackTeam "Bakov nad Jizerou II"]
[WhiteTeamCountry "CZE"]
[BlackTeamCountry "CZE"]

1. e4 g6 2. Bc4 Nf6 3. e5 d5 4. Bb3 Ng4 5. d4 h5 6. Nf3 Bf5 7. 0-0 e6 8. Nc3 Be7 9. Ne2 h4 10. h3 Nh6 11. c4 dxc4 12. Bxc4 c6 13. Qb3 Qb6 14. Nc3 Qxb3 15. Bxb3 Nd7 16. Bg5 Bd3 17. Rfd1 Bxg5 18. Nxg5 Ba6 19. Nce4 Nf5 20. g4 hxg3 21. fxg3 Ke7 22. g4 Nh6 23. Rd2 Rad8 24. Rc1 Rhf8 25. a4 Rc8 26. Rc3 b6 27. Nd6 Rc7 28. Rdc2 Nb8 29. Rf2 c5 30. Bxe6 Nc6 31. d5 Nxe5 32. Nde4 Rd8 33. d6+ Rxd6 34. Nxd6 Kxd6 35. Rd2+ Ke7 36. Re3 f6 37. Bd5 Rd7 38. Nf3 Nhf7 39. g5 Bb7 40. Bxb7 Rxb7 41. gxf6+ Kxf6 42. Nxe5 Nxe5 43. Rf2+ 1-0

[Event "CZE-chT2C 2122"]
[Site "Czech Republic"]
[Date "2022.03.20"]
[Round "10.5"]
[White "Zahorbensky, Jaroslav"]
[Black "Vrkota, Milos"]
[Result "1/2-1/2"]
[WhiteElo "2070"]
[BlackElo "2109"]
[PlyCount "22"]
[EventDate "2021.10.17"]
[EventType "team-tourn"]
[EventRounds "11"]
[EventCountry "CZE"]
[SourceTitle "EXT 2025"]
[Source "ChessBase"]
[SourceDate "2024.10.14"]
[SourceVersion "1"]
[SourceVersionDate "2024.10.14"]
[SourceQuality "1"]
[WhiteTeam "Bakov nad Jizerou"]
[BlackTeam "Kutna Hora Sparta"]
[WhiteTeamCountry "CZE"]
[BlackTeamCountry "CZE"]

1. e4 c6 2. d4 d5 3. e5 c5 4. Nf3 Nc6 5. c3 cxd4 6. cxd4 Bg4 7. Be2 e6 8. Be3 Qb6 9. Qd2 Nge7 10. 0-0 Nf5 11. Rd1 Be7 1/2-1/2

[Event "CZE-chT2C 2122"]
[Site "Czech Republic"]
[Date "2021.12.19"]
[Round "5.6"]
[White "Zahorbensky, Jaroslav"]
[Black "Horak, Josef"]
[Result "1-0"]
[WhiteElo "2070"]
[BlackElo "2059"]
[PlyCount "83"]
[EventDate "2021.10.17"]
[EventType "team-tourn"]
[EventRounds "11"]
[EventCountry "CZE"]
[SourceTitle "EXT 2025"]
[Source "ChessBase"]
[SourceDate "2024.10.14"]
[SourceVersion "1"]
[SourceVersionDate "2024.10.14"]
[SourceQuality "1"]
[WhiteTeam "Bakov nad Jizerou"]
[BlackTeam "Tanvald Jiskra"]
[WhiteTeamCountry "CZE"]
[BlackTeamCountry "CZE"]

1. e4 e6 2. d3 d5 3. Nd2 c5 4. Ngf3 Nc6 5. g3 Nf6 6. Bg2 Be7 7. 0-0 0-0 8. Re1 b6 9. e5 Nd7 10. Nf1 Bb7 11. h4 h6 12. N1h2 Qc7 13. Bf4 Rfd8 14. Qd2 Kh7 15. Ng4 Bf8 16. h5 Nd4 17. Nh4 Nc6 18. a4 a6 19. Nf3 b5 20. Nfh2 b4 21. Nf3 Nd4 22. Nxd4 cxd4 23. b3 Rdc8 24. Ra2 Qc3 25. Qe2 a5 26. Bd2 Qc7 27. Qf3 Nb8 28. Qf4 Nc6 29. Nh2 Kg8 30. Nf3 Bc5 31. g4 Rf8 32. g5 hxg5 33. Nxg5 Ne7 34. Bh3 Bc8 35. Qh4 Nf5 36. Bxf5 exf5 37. Nf3 Qb6 38. Bg5 f6 39. exf6 gxf6 40. Bh6 Rf7 41. Qg3+ Kh7 42. Qg6+ 1-0

[Event "CZE-chT2C 1920"]
[Site "Czech Republic"]
[Date "2019.11.03"]
[Round "2.6"]
[White "Pirklova, Hana"]
[Black "Zahorbensky, Jaroslav"]
[Result "1-0"]
[WhiteElo "2134"]
[BlackElo "2080"]
[PlyCount "65"]
[EventDate "2019.10.13"]
[EventType "team-tourn"]
[EventRounds "11"]
[EventCountry "CZE"]
[SourceTitle "EXT 2024"]
[Source "ChessBase"]
[SourceDate "2023.10.10"]
[SourceVersion "1"]
[SourceVersionDate "2023.10.10"]
[SourceQuality "1"]
[WhiteTeam "Praha Oaza II"]
[BlackTeam "Bakov nad Jizerou"]
[WhiteTeamCountry "CZE"]
[BlackTeamCountry "CZE"]

1. e4 d5 2. exd5 Qxd5 3. Nc3 Qa5 4. d4 Nf6 5. Bd2 c6 6. Nf3 Bg4 7. Be2 Nbd7 8. 0-0 e6 9. h3 Bxf3 10. Bxf3 Qb6 11. Be3 Qc7 12. Ne2 Be7 13. c4 0-0 14. Qc2 Rfe8 15. Nc3 Bf8 16. Rfd1 a6 17. Rac1 Rac8 18. Qb1 Qb8 19. g4 g6 20. g5 Nh5 21. Bxh5 gxh5 22. Qe4 e5 23. Qf5 exd4 24. Bxd4 Ne5 25. Ne4 Bg7 26. Bc3 Rcd8 27. Nf6+ Bxf6 28. Qxf6 Rc8 29. Rd6 Nf3+ 30. Kh1 Kf8 31. Rcd1 Re6 32. Rd8+ Re8 33. Qh8+ 1-0

[Event "CZE-chT2C 1819"]
[Site "Czech Republic"]
[Date "2019.03.17"]
[Round "10.5"]
[White "Stolc, Martin"]
[Black "Zahorbensky, Jaroslav"]
[Result "0-1"]
[WhiteElo "2004"]
[BlackElo "2131"]
[PlyCount "40"]
[EventDate "2018.10.14"]
[EventType "team-tourn"]
[EventRounds "11"]
[EventCountry "CZE"]
[SourceTitle "EXT 2022"]
[Source "ChessBase"]
[SourceDate "2021.10.06"]
[SourceVersion "1"]
[SourceVersionDate "2021.10.06"]
[SourceQuality "1"]
[WhiteTeam "Jicin"]
[BlackTeam "Bakov nad Jizerou"]
[WhiteTeamCountry "CZE"]
[BlackTeamCountry "CZE"]

1. d4 d5 2. g3 Nf6 3. Bg2 Bf5 4. c4 e6 5. Qb3 Nc6 6. cxd5 exd5 7. Nc3 Nb4 8. e4 Nxe4 9. Nxe4 Bxe4 10. Bxe4 dxe4 11. Ne2 Qd5 12. Qxd5 Nxd5 13. a3 0-0-0 14. g4 Bd6 15. Bg5 f6 16. Bh4 Nf4 17. Bg3 Nxe2 18. Kxe2 Bxg3 19. hxg3 Rxd4 20. Ke3 Rd3+ 0-1

[Event "CZE-chT2B 1718"]
[Site "Czech Republic"]
[Date "2017.11.05"]
[Round "2.5"]
[White "Zahorbensky, Jaroslav"]
[Black "Kucera, Petr"]
[Result "1/2-1/2"]
[WhiteElo "2062"]
[BlackElo "2270"]
[PlyCount "81"]
[EventDate "2017.10.15"]
[EventType "team-tourn"]
[EventRounds "11"]
[EventCountry "CZE"]
[SourceTitle "EXT 2022"]
[Source "ChessBase"]
[SourceDate "2021.10.06"]
[SourceVersion "1"]
[SourceVersionDate "2021.10.06"]
[SourceQuality "1"]
[WhiteTeam "Bakov nad Jizerou"]
[BlackTeam "Turnov Zikuda II"]
[WhiteTeamCountry "CZE"]
[BlackTeamCountry "CZE"]

1. e4 e6 2. d4 d5 3. Nd2 Be7 4. exd5 exd5 5. Bd3 Nf6 6. Ne2 Bg4 7. f3 Bh5 8. Nb3 a5 9. a4 Bg6 10. 0-0 0-0 11. Ng3 Re8 12. Bf4 Bd6 13. Bxd6 Qxd6 14. Qd2 Qb4 15. Rf2 Nbd7 16. Bxg6 hxg6 17. Re2 Qxd2 18. Nxd2 Rxe2 19. Nxe2 Re8 20. Kf2 g5 21. g4 Nf8 22. Ra3 Ne6 23. Rc3 Kf8 24. Nb3 b6 25. Nbc1 Ke7 26. Nd3 Nd7 27. Rc6 Nb8 28. Rc3 Kd6 29. Ra3 c5 30. dxc5+ bxc5 31. Ndc1 Nc6 32. Rb3 Nb4 33. c3 c4 34. cxb4 cxb3 35. b5 d4 36. Nxb3 Kd5 37. Nxa5 Nc5 38. b3 Re3 39. Nc6 Nd3+ 40. Kf1 Rxf3+ 41. Kg1 1/2-1/2

[Event "Klatovy op-A 23rd"]
[Site "Klatovy"]
[Date "2017.07.05"]
[Round "5"]
[White "Zahorbensky, Jaroslav"]
[Black "Bujnoch, Radek"]
[Result "1-0"]
[WhiteElo "2050"]
[BlackElo "2261"]
[PlyCount "105"]
[EventDate "2017.07.01"]
[EventType "swiss"]
[EventRounds "9"]
[EventCountry "CZE"]
[SourceTitle "EXT 2018"]
[Source "ChessBase"]
[SourceDate "2017.10.13"]
[SourceVersion "1"]
[SourceVersionDate "2017.10.13"]
[SourceQuality "1"]

1. e4 c5 2. Nf3 Nc6 3. Bb5 g6 4. 0-0 Bg7 5. c3 Nf6 6. d3 0-0 7. Bxc6 dxc6 8. Qe2 Bg4 9. Nbd2 e5 10. h3 Bxf3 11. Nxf3 Re8 12. Be3 Qe7 13. Bg5 h6 14. Bxf6 Bxf6 15. Rfe1 Rad8 16. Rad1 Rd7 17. Kf1 Red8 18. Qc2 Bg7 19. Qe2 b6 20. Rd2 h5 21. Qe3 Kh7 22. Ng5+ Kg8 23. Nf3 Rd6 24. a3 R8d7 25. Ke2 f5 26. exf5 gxf5 27. Kf1 Bh6 28. Qe2 Bxd2 29. Qxd2 Rxd3 30. Qh6 R7d6 31. Qxh5 Rd1 32. Qxf5 e4 33. Ne5 Rxe1+ 34. Kxe1 Qg7 35. Qc8+ Kh7 36. Qf5+ Kg8 37. Qxe4 Re6 38. f4 Qg3+ 39. Ke2 Rf6 40. Nd3 Kf8 41. Ne5 Kg7 42. f5 Qg5 43. g4 Qc1 44. Nd3 Qc2+ 45. Ke3 Rh6 46. h4 c4 47. Qe7+ Kg8 48. Qe8+ Kg7 49. Qe5+ Kg8 50. Nf2 Qxb2 51. g5 Rxh4 52. Qe8+ Kg7 53. f6+ 1-0